000 00960nam a22002177a 4500
999 _c8481
_d8481
003 AR-CdUCM
008 190325b ||||| |||| 00| 0 spa d
040 _aMUNICIPALIDAD PROVINCIAL DEL CUSCO
_cBIBLIOTECA MUNICIPAL DEL CUSCO
082 _a307.14
_bM93
110 _aCentro de Investigación, Documentación y Asesoría Poblacional (Lima)
_917335
245 _aEl movimiento de pobladores en la coyuntura /
260 _aLima :
_c1979.
300 _a79 paginas ;
_c33 cm.
505 _aContenido : Perspectiva del movimiento de pobladores -- El estudio de la coyuntura barrial -- El paro y el movimiento barrial -- El gobierno no quiere mas pueblos jóvenes -- Política urbana y legislación barrial.
650 _aPolitica urbana
_94798
650 _aMovimiento de poblaciones
_923779
650 _aPueblos jóvenes
_923780
710 _aCentro de Investigación, Documentación y Asesoría Poblacional
_923781
942 _2ddc
_cLIBROS
945 _awnts